| 000 | 00476cam a22001337a 4500 | ||
|---|---|---|---|
| 008 | 180718b1954 xxu||||| |||| 00| 0 eng d | ||
| 082 | _aB20 Z13 | ||
| 100 | _aZagorin, Perez | ||
| 245 |
_aHistory of political thought in the English revolution _cby Perez Zagorin |
||
| 260 |
_aLondon _bRoutledge & Kegan Paul _c1954 |
||
| 300 | _avii, 208p | ||
| 650 | _aGreat Britain --Politics and government --1642-1660. | ||
| 650 | _aPolitical science --Great Britain --History --17th century | ||
| 999 |
_c422032 _d422032 |
||